[Event "Olomouc Chess Summer 2025 - D2"]
[Site "Olomouc (CZE), Hotel Flora"]
[Date "2025.08.18"]
[Round "3"]
[Board "5"]
[White "Vlacil, Vladimir"]
[Black "Kolesar, Milan"]
[Result "1/2-1/2"]
[WhiteElo "1914"]
[BlackElo "2093"]
[PlyCount "0"]
[EventDate "2025.08.17"]
[EventRounds "9"]
[EventCountry "CZE"]

1. e4 c5 2. c3 d5 3. exd5 Qxd5 4. d4 e6 5. Nf3 Nf6 6. Be2 Be7 7. O-O Nc6 8. Na3 Qd8
9. dxc5 Bxc5 10. Qxd8+ Kxd8 11. Nc4 a6 12. Nce5 Ke7 13. Nxc6+ bxc6 14. Ne5 Bb7 15.
Bf3 Rac8 16. Bg5 h6 17. Bxf6+ gxf6 18. Nc4 Rc7 19. Rfd1 Bc8 20. Rd2 Rd8 21. Rad1
Rxd2 22. Rxd2 Bd7 23. g4 Ba7 24. Kg2 c5 25. b3 Bb5 26. Na3 Bd7 27. Nc4 Bb8 28. Nb6
Bb5 29. a4 Be8 30. Be2 Ba7 31. Nc4 Bd7 32. Nd6 Rc6 33. Nc4 Bb8 34. Bf3 Rc7 35. Be4
Be8 36. Na5 Ra7 37. Nc6+ Bxc6 38. Bxc6 Be5 39. c4 Rc7 40. Be4 a5 41. Rd3 Rc8 42.
h3 Bd4 43. f4 Rg8 44. Rg3 Bb2 45. Bc2 Bc1 46. f5 Bb2 47. Be4 Be5 48. Rd3 h5 49. Kf3
hxg4+ 50. hxg4 Rh8 51. Kf2 Bd4+ 52. Kg2 Kd6 53. Rh3 Rg8 54. Kf3 Rb8 55. Bc2 Ke5 56.
Rh5 Kd6  1/2-1/2

[Event "Olomouc Chess Summer 2025 - D2"]
[Site "Olomouc (CZE), Hotel Flora"]
[Date "2025.08.18"]
[Round "3"]
[Board "6"]
[White "Dvorak, Vladimir"]
[Black "fainberg, Boris"]
[Result "1/2-1/2"]
[WhiteElo "1912"]
[BlackElo "2083"]
[PlyCount "0"]
[EventDate "2025.08.17"]
[EventRounds "9"]
[EventCountry "CZE"]

1. e4 c5 2. d4 cxd4 3. c3 Nf6 4. e5 Nd5 5. Qxd4 e6 6. Nf3 Nc6 7. Qe4 d6 8. exd6 Nf6
9. Qe2 Bxd6 10. g3 O-O 11. Bg2 e5 12. Bg5 h6 13. Bxf6 Qxf6 14. Nbd2 Qe7 15. O-O Re8
16. Rfe1 Bc7 17. Rad1 Rb8 18. Nc4 Be6 19. b4 Bxc4 20. Qxc4 Bb6 21. b5 Na5 22. Qb4
 1/2-1/2

[Event "Olomouc Chess Summer 2025 - D2"]
[Site "Olomouc (CZE), Hotel Flora"]
[Date "2025.08.18"]
[Round "3"]
[Board "7"]
[White "Kubicek, Antonin"]
[Black "Kotva, Milan"]
[Result "1-0"]
[WhiteElo "2074"]
[BlackElo "1884"]
[PlyCount "0"]
[EventDate "2025.08.17"]
[EventRounds "9"]
[EventCountry "CZE"]

1. Nf3 d5 2. b3 Nf6 3. Bb2 Bf5 4. e3 e6 5. Ne5 Bd6 6. f4 O-O 7. Be2 a5 8. O-O a4
9. bxa4 Rxa4 10. c4 Ra8 11. Qb3 Na6 12. d4 dxc4 13. Nxc4 Be4 14. Nc3 Rb8 15. Nxe4
Nxe4 16. Bd3 b5 17. Bxe4 bxc4 18. Qc3 c5 19. dxc5 Rxb2 20. Qxb2 Nxc5 21. Qd4 c3 22.
Bc2 Be7 23. Qxc3 Qb6 24. Rab1 Qa7 25. Rb5 Rc8 26. Bb3 Rd8 27. Qa5 Na6 28. Qb6 Qa8
29. Qb7  1-0

[Event "Olomouc Chess Summer 2025 - D2"]
[Site "Olomouc (CZE), Hotel Flora"]
[Date "2025.08.18"]
[Round "3"]
[Board "8"]
[White "Musil, Vitezslav"]
[Black "Mojzis, Jan"]
[Result "1/2-1/2"]
[WhiteElo "1910"]
[BlackElo "2028"]
[PlyCount "0"]
[EventDate "2025.08.17"]
[EventRounds "9"]
[EventCountry "CZE"]

1. Nf3 d5 2. c4 e6 3. g3 c5 4. Bg2 Nc6 5. O-O Nf6 6. b3 Be7 7. Bb2 O-O 8. d3 d4 9.
Nbd2 e5 10. Ne1 Qc7 11. Ne4 Nxe4 12. dxe4 Bd6 13. Nd3 f5 14. exf5 Bxf5 15. Bd5+ Kh8
16. e4 dxe3 17. fxe3 e4 18. Be6  1/2-1/2

[Event "Olomouc Chess Summer 2025 - D2"]
[Site "Olomouc (CZE), Hotel Flora"]
[Date "2025.08.18"]
[Round "3"]
[Board "9"]
[White "Pospisil, Evzen"]
[Black "Kulhavy, Frantisek"]
[Result "1-0"]
[WhiteElo "2020"]
[BlackElo "1886"]
[PlyCount "0"]
[EventDate "2025.08.17"]
[EventRounds "9"]
[EventCountry "CZE"]

1. d4 Nf6 2. Nf3 d5 3. c4 c6 4. Nc3 e6 5. Qd3 dxc4 6. Qxc4 b6 7. g3 Nd5 8. Bg2 Ba6
9. Qa4 Be7 10. Bf4 Nxc3 11. bxc3 Bb5 12. Qc2 Bd6 13. Bxd6 Qxd6 14. O-O f6 15. Rfe1
Nd7 16. Nd2 Rc8 17. Ne4 Qe7 18. c4 Ba6 19. c5 O-O 20. Qa4 Bb5 21. Qxa7 Qd8 22. Qa3
Ra8 23. Qb3 Qe7 24. a4 f5 25. axb5 Rxa1 26. Rxa1 fxe4 27. bxc6 bxc5 28. cxd7 Qxd7
29. dxc5 Qd4 30. Qxe6+ Kh8 31. Rf1 Qxc5 32. Bxe4 Qb5 33. Bf3  1-0

[Event "Olomouc Chess Summer 2025 - D2"]
[Site "Olomouc (CZE), Hotel Flora"]
[Date "2025.08.18"]
[Round "3"]
[Board "10"]
[White "Svub, Jan"]
[Black "Mlynek, Petr"]
[Result "1/2-1/2"]
[WhiteElo "1894"]
[BlackElo "2007"]
[PlyCount "0"]
[EventDate "2025.08.17"]
[EventRounds "9"]
[EventCountry "CZE"]

1. c4 f5 2. d4 Nf6 3. g3 g6 4. Bg2 Bg7 5. Nf3 O-O 6. O-O d6 7. Nc3 c6 8. Qc2 Qe8
9. d5 Na6 10. Rd1 Bd7 11. Be3 Nc5 12. Bxc5 dxc5 13. Ne5 cxd5 14. Nxd7 Qxd7 15. Nxd5
Nxd5 16. Bxd5+ e6 17. Bf3 Qc7 18. e3 Rad8 19. Rac1 b6 20. b3 Rf7 21. Rxd8+ Qxd8 22.
Rd1 Rd7 23. Rxd7 Qxd7 24. Qd1 Qxd1+ 25. Bxd1 e5 26. f3 Kf7 27. Kf2 Ke6 28. Bc2 Bh6
29. Ke2 Bg5 30. Bd3 h5 31. h3 Bh6 32. g4 Kf6 33. gxf5 gxf5 34. Kf2 Bg5 35. Ke2 Bh4
36. Kf1 Kg5 37. Ke2 Bg3 38. Bc2 a5 39. a4 Bh4  1/2-1/2

[Event "Olomouc Chess Summer 2025 - D2"]
[Site "Olomouc (CZE), Hotel Flora"]
[Date "2025.08.18"]
[Round "3"]
[Board "11"]
[White "Lorenc, Oldrich"]
[Black "Jenssen, Ove S"]
[Result "1-0"]
[WhiteElo "2005"]
[BlackElo "1880"]
[PlyCount "0"]
[EventDate "2025.08.17"]
[EventRounds "9"]
[EventCountry "CZE"]

1. c4 c6 2. g3 e6 3. Bg2 d5 4. b3 Nf6 5. Bb2 Bd6 6. Nf3 O-O 7. O-O Re8 8. d4 Nbd7
9. Nc3 Nf8 10. Qc2 Ng6 11. e4 dxe4 12. Nxe4 Nxe4 13. Qxe4 f5 14. Qe2 Qc7 15. Ne5
Bxe5 16. dxe5 Bd7 17. Rad1 Rad8 18. Rd6 Bc8 19. Rfd1 c5 20. Qd2 Rxd6 21. exd6 Qd7
22. f4 Rd8 23. Qe3 b6 24. h4 Qf7 25. Qf3 Ba6 26. Qc6 Nf8 27. Be5 Qd7 28. h5 Qxc6
29. Bxc6 Nd7 30. Kf2 Kf7 31. Ke3 Bc8 32. Bc3 Rg8 33. a4 a5 34. Bf3 Rd8 35. g4 fxg4
36. Bxg4 Bb7 37. f5 e5 38. h6 gxh6 39. Bf3 Bxf3 40. Kxf3 Re8 41. Rh1 Kg7 42. Bd2
Rf8 43. Bxh6+  1-0

[Event "Olomouc Chess Summer 2025 - D2"]
[Site "Olomouc (CZE), Hotel Flora"]
[Date "2025.08.18"]
[Round "3"]
[Board "12"]
[White "Ortoft, Kai"]
[Black "Kruska, Vladimir"]
[Result "1-0"]
[WhiteElo "1992"]
[BlackElo "1864"]
[PlyCount "0"]
[EventDate "2025.08.17"]
[EventRounds "9"]
[EventCountry "CZE"]

1. d4 d5 2. Nf3 Nf6 3. c4 e6 4. g3 Be7 5. Bg2 O-O 6. O-O b6 7. cxd5 exd5 8. Nc3 Bb7
9. Bf4 Na6 10. Ne5 c5 11. e3 h6 12. g4 Nc7 13. Qa4 cxd4 14. exd4 Ne6 15. Be3 Bd6
16. h3 Qe8 17. Qxe8 Rfxe8 18. Rfd1 Nxd4 19. Nc4 dxc4 20. Bxb7 Rab8 21. Bxd4  1-0

[Event "Olomouc Chess Summer 2025 - D2"]
[Site "Olomouc (CZE), Hotel Flora"]
[Date "2025.08.18"]
[Round "3"]
[Board "13"]
[White "Lepik, Jaroslav"]
[Black "Spanton, Tim R"]
[Result "0-1"]
[WhiteElo "1876"]
[BlackElo "1982"]
[PlyCount "0"]
[EventDate "2025.08.17"]
[EventRounds "9"]
[EventCountry "CZE"]

1. d4 d5 2. Nf3 e6 3. Bf4 Bd6 4. Ne5 f6 5. Nd3 Nc6 6. e3 Qe7 7. Bxd6 cxd6 8. Nc3
f5 9. Be2 Nf6 10. Nf4 O-O 11. O-O Ne4 12. Bb5 Nxc3 13. bxc3 Na5 14. a4 Bd7 15. c4
Nxc4 16. Bxc4 dxc4 17. d5 e5 18. Ne2 f4 19. exf4 exf4 20. Nd4 Qf7 21. Qf3 Rfe8 22.
Rfb1 Rab8 23. Rb4 Re5 24. Rxc4 Qxd5 25. Qxd5+ Rxd5 26. c3 Rc5 27. Rxc5 dxc5 28. Ne2
g5 29. Rd1 Bxa4 30. Rd5 Re8  0-1

[Event "Olomouc Chess Summer 2025 - D2"]
[Site "Olomouc (CZE), Hotel Flora"]
[Date "2025.08.18"]
[Round "3"]
[Board "14"]
[White "Kubala, Karel"]
[Black "Bjornes, Leif"]
[Result "1-0"]
[WhiteElo "1855"]
[BlackElo "1963"]
[PlyCount "0"]
[EventDate "2025.08.17"]
[EventRounds "9"]
[EventCountry "CZE"]

1. c4 c6 2. e4 d5 3. cxd5 cxd5 4. exd5 Nf6 5. Bb5+ Nbd7 6. Nc3 g6 7. Nf3 Bg7 8. d4
O-O 9. d6 exd6 10. O-O a6 11. Bd3 b5 12. Bg5 Bb7 13. Be4 Qb6 14. Bxb7 Qxb7 15. Qd3
Rfe8 16. Rae1 b4 17. Nd1 Qb5 18. Qb3 Nd5 19. Ne3 N7b6 20. Nxd5 Nxd5 21. h3 a5 22.
a4 Qb7 23. Rxe8+ Rxe8 24. Rc1 h6 25. Bd2 Nb6 26. Qd1 Qd7 27. b3 Rc8 28. Rxc8+ Qxc8
29. Qc1 Qxc1+ 30. Bxc1 Nd5 31. Kf1 Kf8 32. Ke2 Ke7 33. Kd3 Kd7 34. g3 h5 35. Bd2
Bf6 36. h4 Kc6 37. Bh6 Ne7 38. Bg5 Bxg5 39. Nxg5 f5 40. Ne6 Kd5 41. Nf4+ Kc6 42.
Kc4 d5+ 43. Kd3 Kd6 44. Ke3 Kd7 45. Nd3 Ke6 46. Nc5+ Kf6 47. Nd7+ Ke6 48. Ne5 f4+
49. Kxf4 Nf5 50. Nf3 Kf6 51. g4 hxg4 52. Kxg4 Ne7 53. Ne5 Ke6 54. Kg5 Kd6 55. Kf6
Nf5 56. h5 Nxd4 57. h6  1-0

[Event "Olomouc Chess Summer 2025 - D2"]
[Site "Olomouc (CZE), Hotel Flora"]
[Date "2025.08.18"]
[Round "3"]
[Board "15"]
[White "Galt, Valeri"]
[Black "Titera, Libor"]
[Result "1-0"]
[WhiteElo "1962"]
[BlackElo "1843"]
[PlyCount "0"]
[EventDate "2025.08.17"]
[EventRounds "9"]
[EventCountry "CZE"]

1. Nc3 d5 2. e4 dxe4 3. Nxe4 Bf5 4. Ng3 Bg6 5. h4 h6 6. Nf3 Nd7 7. d4 e6 8. Bc4 Bd6
9. Qe2 c6 10. O-O Ngf6 11. Ne5 Bxe5 12. dxe5 Nd5 13. h5 Bh7 14. Bb3 Qc7 15. f4 O-O-O
16. c4 Ne7 17. Be3 f5 18. Rfd1 Nb6 19. Bc5 g5 20. Bd6 Qd7 21. Bb8 Kxb8 22. Rxd7 Nxd7
23. Qe3 gxf4 24. Qxf4 Nc5 25. Rd1 Nd3 26. Qxh6 f4 27. Qxe6 fxg3 28. Qxe7 Bf5 29.
Qg5 Rdf8 30. e6 Be4 31. Rxd3 Bxd3 32. Qxg3+  1-0

[Event "Olomouc Chess Summer 2025 - D2"]
[Site "Olomouc (CZE), Hotel Flora"]
[Date "2025.08.18"]
[Round "3"]
[Board "16"]
[White "Green, Per"]
[Black "Tejkal, Jiri"]
[Result "1/2-1/2"]
[WhiteElo "1961"]
[BlackElo "1845"]
[PlyCount "0"]
[EventDate "2025.08.17"]
[EventRounds "9"]
[EventCountry "CZE"]

1. c4 Nf6 2. g3 g6 3. Bg2 Bg7 4. Nc3 O-O 5. d4 d6 6. h3 Nbd7 7. Nf3 c6 8. e4 e5 9.
O-O Qc7 10. Re1 Re8 11. d5 a5 12. b3 Nc5 13. Bb2 Nfd7 14. Rb1 f5 15. a3 Nf6 16. Ng5
fxe4 17. b4 axb4 18. axb4 Nd3 19. Re3 Nxb2 20. Rxb2 Bh6 21. h4 cxd5 22. Nxd5 Nxd5
23. Qxd5+ Kg7 24. Qxe4 Bxg5 25. hxg5 Re7 26. Qh4 Be6 27. Rc3 d5 28. c5 e4 29. Re3
Bf5 30. Re1 Qe5 31. Rbb1 Qc3 32. Qf4 Qe5 33. Qd2 d4 34. f4 Qd5 35. Rbd1 d3 36. Qc3+
Kg8 37. Re3 Qf7 38. Qd4 Rae8 39. b5 Rd7 40. Qb4  1/2-1/2

[Event "Olomouc Chess Summer 2025 - D2"]
[Site "Olomouc (CZE), Hotel Flora"]
[Date "2025.08.18"]
[Round "3"]
[Board "17"]
[White "Pesek, Petr"]
[Black "Meizlin, Yaacov"]
[Result "0-1"]
[WhiteElo "1853"]
[BlackElo "1925"]
[PlyCount "0"]
[EventDate "2025.08.17"]
[EventRounds "9"]
[EventCountry "CZE"]

1. e4 d6 2. d4 Nf6 3. Nc3 c6 4. Nf3 Qa5 5. Bd2 Qc7 6. Be2 e5 7. O-O Be7 8. h3 O-O
9. Rc1 Re8 10. Re1 Nbd7 11. Bc4 exd4 12. Nxd4 Ne5 13. Be2 c5 14. Nf3 a6 15. Nh2 b5
16. f4 Ng6 17. Nd5 Nxd5 18. exd5 Bf6 19. c3 Bb7 20. Bf3 Bh4 21. Rf1 Bg3 22. f5 Ne7
23. f6 Nxd5 24. Bxd5 Bxd5 25. Qg4 Bxh2+ 26. Kxh2 g6 27. Qg5 Re2 28. Qxd5 Rae8 29.
Rce1 R2e5 30. Rxe5 dxe5 31. Qe4 Qd8 32. Be3 c4 33. Qh4 Re6 34. Bc5 h5 35. Be7 e4
36. Re1 Qc7+ 37. Qg3 Qb7 38. Qf4 Kh7 39. Re3 Qd5 40. h4 Re5 41. Bf8 g5 42. hxg5 Kg6
43. Bh6 Rf5 44. Qg3 Qd1 45. Qe1 Qc2 46. Re2 Qd3 47. Rxe4 Rf1 48. Qe2 Qd6+ 49. g3
Rd1 50. Qf2 h4 51. Re2 hxg3+  0-1

[Event "Olomouc Chess Summer 2025 - D2"]
[Site "Olomouc (CZE), Hotel Flora"]
[Date "2025.08.18"]
[Round "3"]
[Board "18"]
[White "Horyna, Josef"]
[Black "Pavlicek, Petr"]
[Result "1/2-1/2"]
[WhiteElo "1717"]
[BlackElo "1916"]
[PlyCount "0"]
[EventDate "2025.08.17"]
[EventRounds "9"]
[EventCountry "CZE"]

1. d4 Nf6 2. Nf3 g6 3. g3 Bg7 4. Bg2 O-O 5. O-O d5 6. Nc3 Bf5 7. Ne5 c6 8. f3 Nfd7
9. Nxd7 Nxd7 10. g4 Be6 11. Be3 f5 12. g5 f4 13. Bf2 Bf5 14. e4 fxe3 15. Bxe3 e5
16. Ne2 Qe7 17. h4 e4 18. Ng3 exf3 19. Nxf5 Rxf5 20. Rxf3 Rxf3 21. Qxf3 Re8 22. Bf2
Qb4 23. Qc3 Qxc3 24. bxc3 Nb6 25. Re1  1/2-1/2

[Event "Olomouc Chess Summer 2025 - D2"]
[Site "Olomouc (CZE), Hotel Flora"]
[Date "2025.08.18"]
[Round "3"]
[Board "19"]
[White "Kisa, Lubomir"]
[Black "Matlocha, Lubomir"]
[Result "1-0"]
[WhiteElo "2137"]
[BlackElo "1715"]
[PlyCount "0"]
[EventDate "2025.08.17"]
[EventRounds "9"]
[EventCountry "CZE"]

1. d4 d5 2. Nf3 Nf6 3. Bf4 e6 4. c3 Bd6 5. Bg3 Bxg3 6. hxg3 Qd6 7. e3 Nbd7 8. Nbd2
h6 9. Bd3 e5 10. dxe5 Nxe5 11. Nxe5 Qxe5 12. Nf3 Qd6 13. Qc2 Be6 14. Rd1 c6 15. Nd4
Bg4 16. Be2 Bd7 17. Nf5 Qf8 18. Bd3 a6 19. O-O Bxf5 20. Bxf5 Qe7 21. c4 O-O 22. cxd5
cxd5 23. Qb3 Rfd8 24. Rd4 Rd6 25. Rfd1 Rad8 26. a4 Qc7 27. Rb4 b6 28. Bd3 Qa7 29.
Rd4 a5 30. Be2 Qc7 31. Bf3 Qc5 32. Qb5 Kf8 33. e4 Nd7 34. Rxd5 Rxd5 35. Rxd5 Qxb5
36. Rxb5 Rb8 37. Kf1 Ke7 38. b3 Nc5 39. Ke2 f6 40. Ke3 Kd6 41. Be2 Rb7 42. b4 Nxa4
43. bxa5 Kc7 44. axb6+ Nxb6 45. Kf4 Ra7 46. Kf5 Ra2 47. Bf3 Nd7 48. Kg6 Rxf2 49.
Kxg7 Ne5 50. Rb3 Kd6 51. Kxf6  1-0

[Event "Olomouc Chess Summer 2025 - D2"]
[Site "Olomouc (CZE), Hotel Flora"]
[Date "2025.08.18"]
[Round "3"]
[Board "20"]
[White "Sysala, Stanislav"]
[Black "Popelka, Oldrich"]
[Result "0-1"]
[WhiteElo "1817"]
[BlackElo "2064"]
[PlyCount "0"]
[EventDate "2025.08.17"]
[EventRounds "9"]
[EventCountry "CZE"]

1. Nf3 Nf6 2. c4 g6 3. Nc3 Bg7 4. e4 d6 5. d4 O-O 6. Be2 Bg4 7. h3 Bxf3 8. Bxf3 Nfd7
9. O-O Nc6 10. Be3 e5 11. d5 Nd4 12. g4 c5 13. Bg2 a6 14. Qd2 Rb8 15. Bg5 f6 16.
Bh6 b5 17. Bxg7 Kxg7 18. b3 bxc4 19. bxc4 Qa5 20. Qd3 Qxc3 21. Qd1 Qxc4 22. f4 Rb2
23. Re1 exf4 24. Bf1 Qc3 25. Rc1 Qg3+ 26. Bg2 Qxg2#  0-1

[Event "Olomouc Chess Summer 2025 - D2"]
[Site "Olomouc (CZE), Hotel Flora"]
[Date "2025.08.19"]
[Round "4"]
[Board "1"]
[White "Balishansky, Alexander"]
[Black "Petras, Milan"]
[Result "0-1"]
[WhiteElo "1918"]
[BlackElo "1977"]
[PlyCount "0"]
[EventDate "2025.08.17"]
[EventRounds "9"]
[EventCountry "CZE"]

1. d4 d6 2. g3 e5 3. c3 Nf6 4. Bg2 h6 5. Nd2 c5 6. Nc4 Qc7 7. Qb3 cxd4 8. cxd4 Nc6
9. d5 Nd4 10. Qd3 Bf5 11. e4 Nxe4  0-1

[Event "Olomouc Chess Summer 2025 - D2"]
[Site "Olomouc (CZE), Hotel Flora"]
[Date "2025.08.19"]
[Round "4"]
[Board "2"]
[White "Spanton, Tim R"]
[Black "Babula, Milan"]
[Result "0-1"]
[WhiteElo "1982"]
[BlackElo "2086"]
[PlyCount "0"]
[EventDate "2025.08.17"]
[EventRounds "9"]
[EventCountry "CZE"]

1. e4 e6 2. d4 d5 3. exd5 exd5 4. Nf3 Bd6 5. c4 Nf6 6. c5 Be7 7. Nc3 O-O 8. Bd3 b6
9. cxb6 axb6 10. O-O Ba6 11. Bf4 c5 12. Bxb8 Bxd3 13. Qxd3 Rxb8 14. b3 Rc8 15. dxc5
bxc5 16. Rfd1 d4 17. Ne4 Nd5 18. Rac1 f5 19. Ng3 g6 20. Ne5 Bf6 21. Nc4 Nc3 22. Re1
Nxa2 23. Ra1 Nb4 24. Qf3 Nc2 25. Ra7 Nxe1 26. Qb7 Be7 27. Ne5 Rc7 28. Qxc7 Qxc7 29.
Rxc7 Bd6  0-1

[Event "Olomouc Chess Summer 2025 - D2"]
[Site "Olomouc (CZE), Hotel Flora"]
[Date "2025.08.19"]
[Round "4"]
[Board "3"]
[White "Malinovsky, Petr"]
[Black "Kubicek, Antonin"]
[Result "0-1"]
[WhiteElo "1977"]
[BlackElo "2074"]
[PlyCount "0"]
[EventDate "2025.08.17"]
[EventRounds "9"]
[EventCountry "CZE"]

1. d4 Nf6 2. c4 g6 3. f3 Bg7 4. e4 d6 5. Nc3 c6 6. Be3 a6 7. a4 a5 8. Bd3 Na6 9.
Nge2 Nb4 10. Bb1 Nd7 11. Na2 O-O 12. Qd2 c5 13. O-O cxd4 14. Bxd4 Nc6 15. Bxg7 Kxg7
16. Kh1 Nc5 17. Bc2 Qb6 18. Nac3 Nb3 19. Bxb3 Qxb3 20. Nd5 Ne5 21. Rfc1 Qd3 22. Qe1
Qb3 23. Rc3 Qxb2 24. Rb1 Qa2 25. Ra1 Qb2 26. Nd4 Bd7 27. Rb1 Qa2 28. f4 Ng4 29. Rc2
Qa3 30. Nb6 Rad8 31. Rb3 Qc5 32. Qa1 e5 33. Nf3 Bc6 34. h3 Nf2+ 35. Kh2 Nxe4 36.
fxe5 dxe5 37. Nxe5 Kg8 38. Ng4 Qd6+ 39. Qe5 Qxe5+ 40. Nxe5 Nc5 41. Rbb2 Be4 42. Rd2
Rfe8 43. Ned7 Nxd7 44. Nxd7 Kg7 45. c5 Bc6 46. Nb6 Rxd2 47. Rxd2 Re5 48. Rc2 f5 49.
Kg3 g5 50. Kf2 Kf6 51. g3 h5 52. Rc4 Re4 53. Rxe4 Bxe4 54. Nc4 h4 55. gxh4 gxh4 56.
Ke3 Bd5 57. Nxa5 Ke5 58. c6 bxc6 59. Nb7 f4+ 60. Kd3 Be4+ 61. Kd2 Kd4 62. a5 Bd3
63. Nd8 Bb5 64. a6 Bxa6 65. Nxc6+ Ke4 66. Ke1 Kf3 67. Nd4+ Kg3 68. Nf5+ Kxh3 69.
Kf2 Bb7 70. Nh6 Be4 71. Nf7 Kg4 72. Ne5+ Kf5 73. Nc4 h3 74. Kg1 f3 75. Nd2 Kf4 76.
Nf1 Bd3 77. Nh2 Kg3 78. Kh1 Bf5 79. Nf1+ Kf2 80. Nh2 Ke2 81. Kg1 f2+  0-1

[Event "Olomouc Chess Summer 2025 - D2"]
[Site "Olomouc (CZE), Hotel Flora"]
[Date "2025.08.19"]
[Round "4"]
[Board "4"]
[White "Galt, Valeri"]
[Black "Schmid, Thomas"]
[Result "1/2-1/2"]
[WhiteElo "1962"]
[BlackElo "2038"]
[PlyCount "0"]
[EventDate "2025.08.17"]
[EventRounds "9"]
[EventCountry "CZE"]

1. Nc3 c5 2. e4 d6 3. f4 g6 4. Nf3 Bg7 5. Bc4 Nc6 6. d3 Na5 7. O-O Nxc4 8. dxc4 Bxc3
9. bxc3 Bg4 10. h3 Bxf3 11. Qxf3 Qd7 12. Rb1 O-O-O 13. Rb5 Qc6 14. Qe2 Nf6 15. Re1
Ne8 16. Bd2 Rd7 17. Qd3 Rf8 18. Be3 Nc7 19. Rbb1 f5 20. Bf2 e6 21. Rbd1 b6 22. Bg3
Rff7 23. Bh2 Rfe7 24. Bg3 Rf7 25. Bh2 Rfe7 26. Bg3 Rf7  1/2-1/2

[Event "Olomouc Chess Summer 2025 - D2"]
[Site "Olomouc (CZE), Hotel Flora"]
[Date "2025.08.19"]
[Round "4"]
[Board "5"]
[White "Keprt, Pavel"]
[Black "Pospisil, Evzen"]
[Result "1/2-1/2"]
[WhiteElo "1960"]
[BlackElo "2020"]
[PlyCount "0"]
[EventDate "2025.08.17"]
[EventRounds "9"]
[EventCountry "CZE"]

1. e4 c5 2. f4 Nc6 3. Nf3 g6 4. c3 d5 5. d3 dxe4 6. dxe4 Qxd1+ 7. Kxd1 Nf6 8. e5
Nd5 9. Bb5 Bd7 10. c4 Nc7 11. Be3 Nxb5 12. cxb5 Nb4 13. Bxc5 Nd3 14. Bd4 e6 15. Nc3
Nxf4 16. g3 Nd3 17. Kc2 Nb4+  1/2-1/2

[Event "Olomouc Chess Summer 2025 - D2"]
[Site "Olomouc (CZE), Hotel Flora"]
[Date "2025.08.19"]
[Round "4"]
[Board "6"]
[White "Meizlin, Yaacov"]
[Black "Lorenc, Oldrich"]
[Result "0-1"]
[WhiteElo "1925"]
[BlackElo "2005"]
[PlyCount "0"]
[EventDate "2025.08.17"]
[EventRounds "9"]
[EventCountry "CZE"]

1. c4 g6 2. g3 Bg7 3. Bg2 c5 4. Nc3 Nc6 5. d3 d6 6. Nf3 Bd7 7. e4 Qc8 8. Nd5 e6 9.
Nc3 a6 10. Be3 Nd4 11. O-O Ne7 12. Qd2 h5 13. h4 Nec6 14. Rab1 Rb8 15. Bxd4 Nxd4
16. Nxd4 cxd4 17. Ne2 e5 18. Qb4 Qc7 19. Rbc1 b6 20. f4 Bh6 21. Rc2 O-O 22. Kh2 a5
23. Qe1 b5 24. f5 bxc4 25. Rxc4 Qb6 26. g4 hxg4 27. b3 d5 28. exd5 gxf5 29. Rc6 Bxc6
30. dxc6 f4 31. Be4 Qd8 32. Rg1 f5  0-1

[Event "Olomouc Chess Summer 2025 - D2"]
[Site "Olomouc (CZE), Hotel Flora"]
[Date "2025.08.19"]
[Round "4"]
[Board "7"]
[White "Vlacil, Vladimir"]
[Black "Ortoft, Kai"]
[Result "1/2-1/2"]
[WhiteElo "1914"]
[BlackElo "1992"]
[PlyCount "0"]
[EventDate "2025.08.17"]
[EventRounds "9"]
[EventCountry "CZE"]

1. e4 d6 2. c4 Nf6 3. Nc3 e5 4. d4 Nbd7 5. Nf3 c6 6. Be2 Qc7 7. O-O Be7 8. b3 O-O
9. Ba3 Re8 10. Rc1 Bf8  1/2-1/2

[Event "Olomouc Chess Summer 2025 - D2"]
[Site "Olomouc (CZE), Hotel Flora"]
[Date "2025.08.19"]
[Round "4"]
[Board "8"]
[White "fainberg, Boris"]
[Black "Kubala, Karel"]
[Result "1/2-1/2"]
[WhiteElo "2083"]
[BlackElo "1855"]
[PlyCount "0"]
[EventDate "2025.08.17"]
[EventRounds "9"]
[EventCountry "CZE"]

1. e4 e6 2. d4 d5 3. e5 Bd7 4. Nf3 a6 5. Nc3 c5 6. dxc5 Bxc5 7. Bd3 Nc6 8. O-O Nb4
9. Be2 Ne7 10. a3 Nbc6 11. Bd3 Ng6 12. Re1 Qc7 13. b4 Ba7 14. Bb2 O-O 15. Nb1 h6
16. Nbd2 Nf4 17. Bf1 Rfd8 18. Nb3 Rac8 19. Rc1 Be8 20. g3 Ng6 21. Bd3 Nce7 22. Nbd4
Ba4 23. Qe2 Qd7 24. h4 Nc6 25. h5 Nge7 26. g4 Nxd4 27. Nxd4 Bxd4 28. Bxd4 Bb5 29.
Kf1  1/2-1/2

[Event "Olomouc Chess Summer 2025 - D2"]
[Site "Olomouc (CZE), Hotel Flora"]
[Date "2025.08.19"]
[Round "4"]
[Board "9"]
[White "Med, Ladislav"]
[Black "Kisa, Lubomir"]
[Result "1/2-1/2"]
[WhiteElo "1846"]
[BlackElo "2137"]
[PlyCount "0"]
[EventDate "2025.08.17"]
[EventRounds "9"]
[EventCountry "CZE"]

1. d4 d5 2. c4 c6 3. Nc3 Nf6 4. Bg5 e6 5. e3 Be7 6. Nf3 Nbd7 7. Bd3 dxc4 8. Bxc4
b5 9. Be2 Bb7 10. a3 a5 11. O-O O-O 12. Qc2 b4 13. Bxf6 Nxf6 14. Na4 c5 15. Rfd1
Be4 16. Qc1  1/2-1/2

[Event "Olomouc Chess Summer 2025 - D2"]
[Site "Olomouc (CZE), Hotel Flora"]
[Date "2025.08.19"]
[Round "4"]
[Board "10"]
[White "Kolesar, Milan"]
[Black "Svub, Jan"]
[Result "1/2-1/2"]
[WhiteElo "2093"]
[BlackElo "1894"]
[PlyCount "0"]
[EventDate "2025.08.17"]
[EventRounds "9"]
[EventCountry "CZE"]

1. Nf3 c5 2. c4 Nc6 3. d4 cxd4 4. Nxd4 g6 5. e4 Bg7 6. Be3 d6 7. Nc3 Nf6 8. Be2 O-O
9. Qd2 Ng4 10. Bxg4 Bxg4 11. O-O a6 12. h3 Bd7 13. b3 Nxd4 14. Bxd4 Bc6 15. Rfe1
b5 16. cxb5 axb5 17. Nd5 Bxd4 18. Qxd4 e5 19. Qd2 Bxd5 20. Qxd5 Qb6 21. Red1 Ra6
22. a4 Rfa8  1/2-1/2

[Event "Olomouc Chess Summer 2025 - D2"]
[Site "Olomouc (CZE), Hotel Flora"]
[Date "2025.08.19"]
[Round "4"]
[Board "11"]
[White "Popelka, Oldrich"]
[Black "Musil, Vitezslav"]
[Result "1/2-1/2"]
[WhiteElo "2064"]
[BlackElo "1910"]
[PlyCount "0"]
[EventDate "2025.08.17"]
[EventRounds "9"]
[EventCountry "CZE"]

1. c4 Nf6 2. Nf3 g6 3. b3 Bg7 4. Bb2 d6 5. d4 c5 6. d5 b5 7. e3 bxc4 8. Bxc4 O-O
9. O-O Nbd7 10. Qc2 Nb6 11. e4 Nxc4 12. Qxc4 a5 13. Re1 Ba6 14. Qc2 Rb8 15. Nbd2
a4 16. Bc3 axb3 17. Nxb3 Ra8 18. Na5 Qd7 19. Nd2 Qg4 20. f3 Qg5 21. Ndc4 Nh5 22.
Bxg7 Kxg7 23. Qd2 Qxd2 24. Nxd2 Nf4 25. Ndc4 Bxc4 26. Nxc4 Ra4 27. Nb6 Rb4 28. Reb1
Rb8 29. Rxb4 cxb4 30. Nc4 Rc8 31. g3 Nd3 32. Ne3 Ra8 33. Nc2 Rc8 34. Rd1 Rxc2 35.
Rxd3 Rxa2 36. Rb3 Ra3 37. Rxb4 Rxf3 38. Kg2 Rd3 39. Rb2 Re3 40. Rb4 Re2+ 41. Kg1
h5 42. h4 Kf6 43. Kf1 Ra2 44. Rc4 Ra7 45. Kf2 Ke5 46. Rb4 Rc7 47. Ra4 f5 48. exf5
gxf5 49. Ra5 f4 50. gxf4+ Kxf4 51. Ra4+ Ke5 52. Ra8 Rc5 53. Rh8 Rxd5 54. Rxh5+ Ke4
55. Rh7 Rf5+ 56. Ke2 e5 57. h5 Rg5 58. h6 Rh5 59. Rh8 d5 60. h7 Rh2+ 61. Kf1 d4 62.
Kg1 Rh5 63. Kf2 Kd3 64. Re8 Rxh7 65. Rxe5 Rh2+ 66. Ke1 Rh3 67. Rd5 Rh4 68. Rd8 Rh1+
69. Kf2 Kc3 70. Ke2 d3+ 71. Rxd3+  1/2-1/2